书目信息 |
| 题名: |
美学视角下的电影音乐
|
|
| 作者: | 胡茵 著 | |
| 分册: | ||
| 出版信息: | 长春 吉林美术出版社 2018 |
|
| 页数: | 178页 | |
| 开本: | 24cm | |
| 丛书名: | ||
| 单 册: | ||
| 中图分类: | J617.6 | |
| 科图分类: | ||
| 主题词: | 电影音乐--dian ying yin yue--音乐评论--研究 | |
| 电子资源: | ||
| ISBN: | 978-7-5575-3041-9 | |
| 000 | 00980nam0 2200253 450 | |
| 001 | 012001009240 | |
| 005 | 20140101172535.0 | |
| 010 | @a978-7-5575-3041-9@dCNY45.00 | |
| 099 | @aCAL 012018183454 | |
| 100 | @a20181009d2018 em y0chiy50 ea | |
| 101 | 0 | @achi |
| 102 | @aCN@b220000 | |
| 105 | @aa a 000yy | |
| 106 | @ar | |
| 200 | 1 | @a美学视角下的电影音乐@Amei xue shi jiao xia de dian ying yin yue@f胡茵著 |
| 210 | @a长春@c吉林美术出版社@d2018 | |
| 215 | @a178页@c图@d24cm | |
| 320 | @a有书目 (第172-173页) | |
| 330 | @a本书通过对国内外电影音乐研究方面内容的梳理, 在全面理解和系统整合的基础上, 分别从客体和主体两个大角度介入来划分电影音乐的类型, 尽可能全面系统的来划分电影音乐, 从而唤起理论界对电影音乐创作的关注, 促进电影音乐的发展, 将电影音乐真正视为银幕上一首独特的奏鸣曲。 | |
| 606 | 0 | @a电影音乐@Adian ying yin yue@x音乐评论@x研究 |
| 690 | @aJ617.6@v5 | |
| 701 | 0 | @a胡茵@Ahu yin@4著 |
| 801 | 0 | @aCN@b上海新华@c20191020 |
| 905 | @b1187437-40@dJ617.6@e1061@f4 | |
| 美学视角下的电影音乐/胡茵著.-长春:吉林美术出版社,2018 |
| 178页:图;24cm |
| ISBN 978-7-5575-3041-9:CNY45.00 |
| 本书通过对国内外电影音乐研究方面内容的梳理, 在全面理解和系统整合的基础上, 分别从客体和主体两个大角度介入来划分电影音乐的类型, 尽可能全面系统的来划分电影音乐, 从而唤起理论界对电影音乐创作的关注, 促进电影音乐的发展, 将电影音乐真正视为银幕上一首独特的奏鸣曲。 |
| ● |
| 相关链接 |
|
|
|
|
正题名:美学视角下的电影音乐
索取号:J617.6/1061
 
预约/预借
| 序号 | 登录号 | 条形码 | 馆藏地/架位号 | 状态 | 备注 |
| 1 | 1187437 | 211874373 | 第一样本阅览室/ [索取号:J617.6/1061] | 在馆 | |
| 2 | 1187438 | 211874382 | 第一借阅区/ [索取号:J617.6/1061] | 在馆 | |
| 3 | 1187439 | 211874391 | 第一借阅区/ [索取号:J617.6/1061] | 在馆 | |
| 4 | 1187440 | 211874408 | 第一借阅区/ [索取号:J617.6/1061] | 在馆 |